| 000 | 00663cam a22001811 4500 | ||
|---|---|---|---|
| 082 |
_a920 _bWOO |
||
| 100 | 1 |
_a George Washington, _950574 |
|
| 245 | 1 | 0 |
_aMan of the West; _breminiscences of George Washington Oaks, 1840-1917. _cRecorded by Ben Jaastad; edited and annotated by Arthur Woodward. |
| 260 |
_aNEW YORK _cc1956] |
||
| 300 |
_a296p. _bGORDON FAWCETT _c22cm. |
||
| 500 | _a"400 copies designed and printed by Lawton Kennedy." | ||
| 526 |
_a0 _b0 _c0 _d920_000000000000000_WOO |
||
| 650 | 0 |
_aFrontier and pioneer life _zWest (U.S.) _950575 |
|
| 650 | 0 |
_aMCE _9379 |
|
| 700 | 1 |
_aJaastad, Ben. _950576 |
|
| 700 | 1 |
_aWoodward, Arthur, _950577 |
|
| 942 |
_2ddc _cBK |
||
| 999 |
_c553322 _d553322 |
||